000
00282nam a2200133Ia 4500
100
_a
Boggs/Wendy/ Boggs/michael
942
_c
BK
654
_a
UML
245
_a
Mastering UMLwith rational Rose
260
_b
BPB
_c
2002
082
_a
5.13
_b
BOG
300
_a
957
546
_a
ENGLISH
999
_c
28140
_d
28140